|
|
|
|
| LEADER |
00000cam a2200000 7i4500 |
| 001 |
0000005887 |
| 002 |
000006360 |
| 005 |
20000330.0 |
| 020 |
|
|
|a 0863188125
|
| 090 |
0 |
0 |
|a 634.97
|b COO
|
| 100 |
1 |
|
|a Coombes, Allen J
|
| 245 |
1 |
0 |
|a Trees
|c Allen J.Coombes ; photography by Matthew Ward
|
| 260 |
|
|
|a London :
|b Dorling Kindersley ,
|c 1992
|
| 300 |
|
|
|a 320p. ;
|c 23cm.
|
| 490 |
0 |
|
|a Eyewitness handbooks
|
| 650 |
0 |
0 |
|a Plants
|
| 650 |
0 |
0 |
|a Trees
|x Identification
|x Handbooks,manual,etc
|
| 650 |
0 |
0 |
|a Tress
|
| 700 |
1 |
|
|a Ward, Matthew
|
| 999 |
|
|
|a 030615
|b BUKU
|c RUJUKAN
|e PERPUSTAKAAN KOMUNITI PETALING JAYA
|
| 999 |
|
|
|a 067817
|b BUKU
|c PINJAMAN
|e PERPUSTAKAAN KOMUNITI PETALING JAYA
|